00541nam a22001817a 450000500170000001000150001702000260003203500140005803700130007208200080008510000250009324500530011826000480017127000820021930000320030150000200033370000060035320170825120248.0 aENG-120074 c500.00a9789351461616 aEN-103606 bDBAD/PUB a597 aSrivastava, Gopalji  aFisher of U.P and Bihar /cby Gopalji Srivastava aVaranasi bVishwavidyalaya Prakashan c2016 aPost Box No. 1149, Vishalakshi Building (Basement), Chowk, bVaranasie221001 axix, 207p. :c22cm(Hb)bill aIncludes index  a